000 nam a22 7a 4500
999 _c9997
_d9997
008 180209b ||||| |||| 00| 0 eng d
100 _aAnderson,N.T.etal.
_96037
245 _aThe Seduction of our Child
260 _aSingapore
_bHarvest House
_c1973